| 000 | 00416nam a2200157Ia 4500 | ||
|---|---|---|---|
| 008 | 210210b1969 xxu||||| |||| 00| 0 eng d | ||
| 082 | _a537 KIPF | ||
| 100 | _aKIP (Arthur F). | ||
| 245 | _aFundamentals of electricity & magnetism.Ed 2. | ||
| 250 | _a | ||
| 260 |
_aN D _bMcGraw Hill Kogakusha Ltd., _c1969 |
||
| 300 | _axxiii,630 | ||
| 650 | _aElectricity Magnetism | ||
| 690 | _aElectricity | ||
| 906 | _aSG00234 | ||
| 999 |
_c111254 _d111254 |
||